书目信息 |
| 题名: |
国民海洋意识发展指数报告
|
|
| 作者: | 王继民 , 王斌 主编 ;国民海洋意识发展指数课题组 著 | |
| 分册: | 2016 | |
| 出版信息: | 北京 海洋出版社 2017.01 |
|
| 页数: | 148页 | |
| 开本: | 24cm | |
| 丛书名: | ||
| 单 册: | ||
| 中图分类: | P7 | |
| 科图分类: | ||
| 主题词: | 海洋--科技意识--研究报告--中国--2016 | |
| 电子资源: | ||
| ISBN: | 978-7-5027-9705-8 | |
| 000 | 01163nam0 2200265 450 | |
| 001 | 4971 | |
| 005 | 20181015092303.31 | |
| 010 | @a978-7-5027-9705-8@dCNY58.00 | |
| 100 | @a20170905d2017 em y0chiy50 ea | |
| 101 | 0 | @achi |
| 102 | @aCN@b110000 | |
| 105 | @aa z 000yy | |
| 200 | 1 | @a国民海洋意识发展指数报告@9guo min hai yang yi shi fa zhan zhi shu bao gao@h2016@f国民海洋意识发展指数课题组著 |
| 210 | @a北京@c海洋出版社@d2017.01 | |
| 215 | @a148页@c图,照片@d24cm | |
| 312 | @a封面英文题名:National marine awareness development index report | |
| 314 | @a主编:王继民、王斌 | |
| 330 | @a本书介绍了国民海洋意识发展指数的构建过程与方法,提出了一套网络大数据与调查数据相结合的测评方法,对国内31个省(区、市)的国民海洋意识现状进行了测算,给出了总指数、分指数、不同数据源、不同区域、典型三级指标的详细数据分析结果,提出了具有针对性的政策建议。 | |
| 606 | 0 | @a海洋@x科技意识@x研究报告@y中国@z2016 |
| 690 | @aP7@v5 | |
| 701 | 0 | @a王继民@9wang ji min@4主编 |
| 701 | 0 | @a王斌@9wang bin@4主编 |
| 712 | 02 | @a国民海洋意识发展指数课题组@9guo min hai yang yi shi fa zhan zhi shu ke ti zu@4著 |
| 801 | 0 | @aCN@b91MARC@c20170905 |
| 905 | @aMuseLib@dP7@e101(2016) | |
| 国民海洋意识发展指数报告.2016/国民海洋意识发展指数课题组著.-北京:海洋出版社,2017.01 |
| 148页:图,照片;24cm |
| ISBN 978-7-5027-9705-8:CNY58.00 |
| 本书介绍了国民海洋意识发展指数的构建过程与方法,提出了一套网络大数据与调查数据相结合的测评方法,对国内31个省(区、市)的国民海洋意识现状进行了测算,给出了总指数、分指数、不同数据源、不同区域、典型三级指标的详细数据分析结果,提出了具有针对性的政策建议。 |
| ● |
| 相关链接 |
|
|
|
|
正题名:国民海洋意识发展指数报告
索取号:P7/101(2016)
 
预约/预借
| 序号 | 登录号 | 条形码 | 馆藏地/架位号 | 状态 | 备注 |
| 1 | 1127509 | 211275092 | 第二样本阅览室/ [索取号:P7/101(2016)] | 在馆 | |
| 2 | 1127510 | 211275109 | 第三借阅区/ [索取号:P7/101(2016)] | 在馆 | |
| 3 | 1127511 | 211275118 | 密集书库-资源管理系/ [索取号:P7/101(2016)] | 在馆 | |
| 4 | 1127512 | 211275127 | 第三借阅区/ [索取号:P7/101(2016)] | 在馆 | |
| 5 | 1127513 | 211275136 | 第三借阅区/ [索取号:P7/101(2016)] | 在馆 |